000 00530nam a2200133Ia 4500
001 3051
008 241024s9999 xx 000 0 und d
082 _aRD/461.07/R426p
100 _aRepública Dominicana.Ministerio de Educación. MINERD
245 0 _aPrograma de apoyo al plan decenal de educación MINERD-BID. Línea Base para la sistematización. Componente de apoyo a los aprendizajes en lectoescritura y matemática
260 _bSanto Domingo, República Dominicana
_c2013
901 _a23/7/2013 9:35:14 a.m.
999 _c8226
_d8226